| 000 | 00980cam a2200265 a 4500 | ||
|---|---|---|---|
| 008 | |||
| 020 | _a0821334441 (pbk.) | ||
| 049 | _aMAIN | ||
| 090 | _aTL214 | ||
| 100 | 1 | _aFaiz, Asif. | |
| 245 | 1 | 0 |
_aAir pollution from motor vehicles : _bstandards and technologies for controlling emissions / _cAsif Faiz, Christopher S. Weaver, Michael P. Walsh ; with contributions by Surhid Gautam, Lit-Mian Chan. |
| 260 |
_aWashington, D.C. : _bWorld Bank, _c1996. |
||
| 300 |
_axix, 246 p. : _bill. ; _c28 cm. |
||
| 500 | _aIncludes index. | ||
| 504 | _aIncludes bibliographical references. | ||
| 650 | 0 |
_aMotor vehicles _xPollution control devices. |
|
| 650 | 0 |
_aAutomobiles _xMotors _xExhaust gas _xLaw and legislation _zUnited States. |
|
| 700 | 1 | _aWeaver, Christopher S. | |
| 700 | 1 | _aWalsh, Michael P. | |
| 907 |
_a.b10172087 _b14-09-05 _c18-08-05 |
||
| 003 | |||
| 005 | 20230123134052.0 | ||
| 040 | _cNUST | ||
| 942 |
_cBOOKS _kTL214 |
||
| 999 |
_c159468 _d159468 |
||